| 000 | 00744nam a22002537a 4500 | ||
|---|---|---|---|
| 999 |
_c124154 _d124154 |
||
| 003 | dpl | ||
| 005 | 20190123133236.0 | ||
| 008 | 181218b ||||| |||| 00| 0 eng d | ||
| 010 | _aB-121697 | ||
| 020 |
_c175.00 _a8178900912 |
||
| 035 | _aB-121697, B-121710 | ||
| 035 | _aB-121707 | ||
| 037 | _bCen Lib/Ret | ||
| 040 |
_aDPL _bEN _c0 |
||
| 082 |
_a480 _bFOS |
||
| 100 |
_aFoster, N. _99567 |
||
| 245 |
_aEnglish for special purpose / _cby N. Foster |
||
| 260 |
_aNew Delhi _bIVY Publishing House _c2004 |
||
| 270 |
_a4740/23, Ansari Road , Daryaganj _bNew Delhi _e110002 |
||
| 300 |
_a109p. _c21cm(Hb) |
||
| 650 |
_aEnglish language _91922 |
||
| 650 |
_aEnglish philology _99568 |
||
| 942 |
_2ddc _cEN _h480 _mFOS |
||